1035 1934 1969 1262 1361 1899 1653 1223 1016 1250 1294 1432 1105 1718 1082 1920 1321 1251 1500 1938 1570 1635 1487 1338 1745 1017 1826 1473 1540 1749 1265 1741 1522 1877 1505 1883 1651 1298 1377 1641 1225 1160 1109 1983 1825 1271 1399 1677 1002 1943 1367 1582 1343 1155 1517 1842 1456 1793 1637 1214 1506 1551 1496 1827 1781 1006 1596 1165 1468 1659 1118 1727 1504 1140 1295 1602 1840 1708 1380 1835 1304 1308 1429 1839 1796 1883 2000 1489 1130 1644 1984 1227 1398 1159 1469 1939 1835 1673 1721 BCNSPRNW ULIB Ver.6.0+V

เปลี่ยนเป็นภาษาไทย

Change to English
 แสดงรายละเอียดบรรณานุกรม
  กลับหน้าหลัก

Brief Record : Get Marc (ISO 2709) : E-mail record : QR code < ปิดหน้าต่าง
LEADER : 00000nam 2200000uu 4500
001    13399113152
003     ULIB
008    110928s2551||||th 000 0 tha d
020    9789749749364
050  4 QA76.75^bว358I 2551
100 0  วสันต์ พึ่งพูลผล
245 10 Digiart illustrator CS3 basic /^cโดย วสันต์ พึ่งพูลผล ;บรรณาธิการ เกียรติพงษ์ บุญจิตร
250    พิมพ์ครั้งที่ 1
260    นนทบุรี :^bไอดีซี อินโฟ ดิสทริบิวเตอร์ เซ็นเตอร์,^c2551
300    vi, 298 หน้า :^bภาพประกอบ ;^c22 ซม. +^eซีดี-รอม 1 แผ่น
650  4 คอมพิวเตอร์กราฟิก
650  4 โปรแกรมคอมพิวเตอร์
650  4 อโดบีอิลลัสเตรเตอร์
700 0  เกียรติพงษ์ บุญจิตร,^eบรรณาธิการ
945    ^p225^l0^i025027
995    ทศพร
999 ^a ทศพร
รายการนี้ยังไม่มีแท็ก
คุณยังไม่ได้ล็อกอิน คุณสามารถมีกิจกรรมร่วมกับเว็บไซต์ได้ แต่ต้องล็อกอินก่อน ::
  ล็อกอิน

รายการสื่อสารสนเทศ

ลำดับที่ ประเภท เลขเรียก/บาร์โค้ด สถานที่ สถานะ
- ไม่พบข้อมูล -

รายการใกล้เคียง
    ผู้แต่ง [วสันต์ พึ่งพูลผล]

    หัวเรื่อง [คอมพิวเตอร์กราฟิก]
    หัวเรื่อง [โปรแกรมคอมพิวเตอร์]
    หัวเรื่อง [อโดบีอิลลัสเตรเตอร์]

BibComment


ยังไม่เคยถูกคอมเมนท์

คอมเมนท์ทรัพยากรรายการนี้
  คอมเมนท์: Digiart illustrat..


 Copyright 2026. Bcnsprnw @Library